[Event "Padova op-B 2nd"]
[Site "Padova"]
[Date "1999.12.19"]
[Round "6.31"]
[White "Gottardo, J Michele"]
[Black "Pedrollo, Cristian"]
[Result "1-0"]
[WhiteElo "1500"]
[BlackElo "1474"]
[PlyCount "95"]
[EventDate "1999.12.11"]
[EventType "swiss"]
[EventRounds "6"]
[EventCountry "ITA"]
[SourceTitle "EXT 2024"]
[Source "ChessBase"]
[SourceDate "2023.10.10"]
[SourceVersion "1"]
[SourceVersionDate "2023.10.10"]
[SourceQuality "1"]

1. e4 e6 2. d4 d5 3. exd5 exd5 4. Nf3 Nf6 5. Bg5 Nbd7 6. Bd3 Qe7+ 7. Qe2 Qxe2+ 8. Bxe2 Be7 9. Nbd2 0-0 10. 0-0 Re8 11. Rfe1 c5 12. Bb5 a6 13. Bxf6 gxf6 14. Bxd7 Bxd7 15. dxc5 Bxc5 16. Nb3 Bb6 17. Nbd4 Re4 18. c3 Rae8 19. Kf1 Kf8 20. Nd2 Rxe1+ 21. Rxe1 Bxd4 22. Rxe8+ Kxe8 23. cxd4 Ke7 24. Ke2 Bb5+ 25. Ke3 Kd6 26. Nb1 Bc4 27. a3 a5 28. Nd2 b6 29. b3 Ba6 30. Nb1 Ke6 31. Kf4 Bd3 32. Nc3 b5 33. b4 axb4 34. axb4 Kd6 35. Nd1 Ke6 36. Ne3 Bg6 37. g4 h5 38. g5 fxg5+ 39. Kxg5 Kd6 40. Kf6 h4 41. Ng4 Kd7 42. Ne5+ Ke8 43. Nxg6 fxg6 44. Kxg6 Ke7 45. f4 h3 46. f5 Kf8 47. Kf6 Kg8 48. Ke7 1-0